| 000 | 00444nam a2200169 a 4500 | ||
|---|---|---|---|
| 001 | 0000-9227 | ||
| 003 | ELIB.Books | ||
| 008 | 110520 1989 | ||
| 035 | _a(ELIB.Books)0000-9379 | ||
| 082 |
_a230.082 _bFab |
||
| 100 | _aFabella, Virginia | ||
| 245 | _aWe Dare to Dream Doing Theology as Asian Women | ||
| 260 |
_bKowloon: AWCCT _c1989 |
||
| 650 | _aFeminist Theology | ||
| 942 |
_2ddc _cBK |
||
| 998 |
_cbat _e2011-05-20 |
||
| 999 |
_c9227 _d9227 |
||